000 00403nam a2200145Ia 4500
008 100122s9999 xx 000 0 und d
082 _b33667
_a823
100 _aभागवत यशवंत
245 _aमध्यस्थ
260 _bजनसेवा प्रकाशन
_c1905
300 _a203
630 _aमध्यस्थ
730 _aमध्यस्थ
942 _cBOOK
999 _c417650
_d417647